000 00956cab a2200265 4500
001 ABS53200
008 090401t1995 xxu||||| |||| 00| 0 eng d
035 _a(Sirsi) u2621
041 _aeng
245 _aDocklands market report
260 _c1995
350 _a0
490 _aProperty Finance & Development
_v7(6) June 1995, 4-6(3)
520 _aOverview of the commercial property market in Docklands looks at availability of office space, take-up, tenant mix, development, investment and retail opportunities. Area covered includes Wapping, Surrey Quays, Isle of Dogs and Royal Docks.
650 _aAPPLIED PROPERTY RESEARCH
650 _aCANARY WHARF
650 _aLDDC
650 _aLONDON DOCKLANDS
650 _aPROPERTY-COMMERCIAL PROPERTY-OFFICE PROPERTY-OFFICE PROPERTY MARKET
650 _aROYAL DOCKS UNIVERSITY CAMPUS
650 _aTENANT MIX
690 _aPROPERTY-COMMERCIAL PROPERTY
942 _n0
948 _c04/03/1997
999 _c1577
_d1577